书目信息 |
| 题名: |
黄河
|
|
| 作者: | 汪静怡 编著 | |
| 分册: | ||
| 出版信息: | 长春 吉林文史出版社 2018重印 |
|
| 页数: | 120页 | |
| 开本: | 23cm | |
| 丛书名: | 中国文化知识读本 | |
| 单 册: | ||
| 中图分类: | K928.42 | |
| 科图分类: | ||
| 主题词: | ||
| 电子资源: | ||
| ISBN: | 978-7-5463-1694-9 | |
| 000 | 00838nam 2200265 45 | |
| 001 | 012001011003 | |
| 005 | 20140104163534.0 | |
| 010 | @a978-7-5463-1694-9@dCNY34.80 | |
| 099 | @aCAL 012010196129 | |
| 100 | @a20100926d2010 em y0chiy50 ea | |
| 101 | 0 | @achi |
| 102 | @aCN@b220000 | |
| 105 | @aaf z 000yy | |
| 106 | @ar | |
| 200 | 1 | @a黄河@AHuang He@f编著汪静怡 |
| 210 | @a长春@c吉林文史出版社@d2018重印 | |
| 215 | @a120页@c图@d23cm | |
| 225 | 2 | @a中国文化知识读本@AZhong Guo Wen Hua Zhi Shi Du Ben |
| 330 | @a本书介绍了中国母亲河——黄河的有关知识,包括黄河的自然风情、黄河的忧患与治理、沿岸文化掠影等内容。 | |
| 410 | 0 | @12001@a中国文化知识读本 |
| 607 | @a黄河@AHuang He@x概况 | |
| 690 | @aK928.42@v4 | |
| 701 | 0 | @a汪静怡@AWang Jing Yi@4编著 |
| 801 | 2 | @aCN@b上海新华@c20191020 |
| 905 | @b1137586-9@dK928.42@e1169@f4 | |
| 黄河/编著汪静怡.-长春:吉林文史出版社,2018重印 |
| 120页:图;23cm.-(中国文化知识读本) |
| ISBN 978-7-5463-1694-9:CNY34.80 |
| 本书介绍了中国母亲河——黄河的有关知识,包括黄河的自然风情、黄河的忧患与治理、沿岸文化掠影等内容。 |
| ● |
| 相关链接 |
|
|
|
|
正题名:黄河
索取号:K928.42/1169
 
预约/预借
| 序号 | 登录号 | 条形码 | 馆藏地/架位号 | 状态 | 备注 |
| 1 | 1137586 | 211375867 | 第二样本阅览室/ [索取号:K928.42/1169] | 在馆 | |
| 2 | 1137587 | 211375876 | 第二借阅区/ [索取号:K928.42/1169] | 在馆 | |
| 3 | 1137588 | 211375885 | 第二借阅区/ [索取号:K928.42/1169] | 在馆 | |
| 4 | 1137589 | 211375894 | 第二借阅区/ [索取号:K928.42/1169] | 在馆 |